| 000 | 00653nam a2200205 a 4500 | ||
|---|---|---|---|
| 001 | 000021084 | ||
| 005 | 20200930011230.0 | ||
| 008 | 100830s1991 cu a 000 0 spa | ||
| 040 |
_aDO-SdBNP _bspa _cBNPHU |
||
| 082 |
_a638.1 _bW499c |
||
| 100 | 1 |
_aWerthein, Israel. _944093 |
|
| 245 | 1 | 0 |
_aCuba : _bparaíso de las abejas, cartas a mi nieto / _cIsrael Werthein; edición Guadalupe Hechavarría R. |
| 260 |
_aSantiago de Cuba : _bOriente, _c1991. |
||
| 300 |
_a174 p. : _bil. ; _c18 cm. |
||
| 650 | 4 |
_aApicultura _927706 |
|
| 650 | 4 |
_aColmenas _944094 |
|
| 650 | 4 |
_aApiarios _944095 |
|
| 700 | 1 |
_aHechavarría R., Guadalupe _eed. _944096 |
|
| 049 | _aBNGR | ||
| 999 |
_c20586 _d20586 |
||